000 00544cam a2200145 4500500
005 20260111092410.0
041 _afre
042 _adc
100 1 0 _aSimonetti, Ilaria
_eauthor
245 0 0 _aMarie-Élisabeth Handman et Janine Mossuz-Lavau eds., La prostitution à Paris. Paris, La Martinière, 2005, 414 p.
260 _c2005.
500 _a7
786 0 _nÉtudes rurales | 175-176 | 3 | 2005-12-01 | p. 215k-65535k | 0014-2182
856 4 1 _uhttps://shs.cairn.info/revue-etudes-rurales-2005-3-page-215k?lang=fr&redirect-ssocas=7080
999 _c1623466
_d1623466